Welcome to CU Library Online Public Access Catalogue (OPAC)

Research design and methods : (Record no. 24)

MARC details
000 -LEADER
fixed length control field 00860cam a22002414a 4500
001 - CONTROL NUMBER
control field 12281602
005 - DATE AND TIME OF LATEST TRANSACTION
control field 20240829110525.0
008 - FIXED-LENGTH DATA ELEMENTS--GENERAL INFORMATION
fixed length control field 010118s2002 caua b 001 0 eng
020 ## - INTERNATIONAL STANDARD BOOK NUMBER
International Standard Book Number 9780767421522
050 00 - LIBRARY OF CONGRESS CALL NUMBER
Classification number BF76.5
Item number .B67 2002
082 00 - DEWEY DECIMAL CLASSIFICATION NUMBER
Classification number 150/.7/2
Edition information 21
100 1# - MAIN ENTRY--PERSONAL NAME
Personal name Bordens, Kenneth S.
245 10 - TITLE STATEMENT
Title Research design and methods :
Remainder of title a process approach /
Statement of responsibility, etc. Kenneth S. Bordens, Bruce B. Abbott.
250 ## - EDITION STATEMENT
Edition statement 5th ed.
260 ## - PUBLICATION, DISTRIBUTION, ETC.
Place of publication, distribution, etc. Boston :
Name of publisher, distributor, etc. McGraw Hill,
Date of publication, distribution, etc. c2002.
300 ## - PHYSICAL DESCRIPTION
Extent xv, 490 p. :
Other physical details ill. ;
Dimensions 24 cm.
650 #0 - SUBJECT ADDED ENTRY--TOPICAL TERM
Topical term or geographic name entry element Psychology
General subdivision Research
Form subdivision Textbooks.
650 #0 - SUBJECT ADDED ENTRY--TOPICAL TERM
Topical term or geographic name entry element Psychology
General subdivision Research
-- Methodology
Form subdivision Textbooks.
700 1# - ADDED ENTRY--PERSONAL NAME
Personal name Abbott, Bruce B.
856 42 - ELECTRONIC LOCATION AND ACCESS
Materials specified Publisher description
Uniform Resource Identifier <a href="http://www.loc.gov/catdir/description/mh024/2001018697.html">http://www.loc.gov/catdir/description/mh024/2001018697.html</a>
856 41 - ELECTRONIC LOCATION AND ACCESS
Materials specified Table of contents
Uniform Resource Identifier <a href="http://www.loc.gov/catdir/toc/mh023/2001018697.html">http://www.loc.gov/catdir/toc/mh023/2001018697.html</a>
942 ## - ADDED ENTRY ELEMENTS (KOHA)
Source of classification or shelving scheme Library of Congress Classification
Koha item type Books
Suppress in OPAC No
999 ## -
-- 24
-- 24
Holdings
Withdrawn status Lost status Source of classification or shelving scheme Damaged status Not for loan Collection Home library Current library Shelving location Date acquired Total checkouts Full call number Barcode Date last seen Copy number Price effective from Koha item type
    Library of Congress Classification     Non-fiction Business Library (Miotso) Business Library (Miotso) General stacks 08/29/2024   BF76.5.B67 BOR BSSM00000004 08/29/2024 1 08/29/2024 Books
    Library of Congress Classification     Non-fiction Business Library (Miotso) Business Library (Miotso) General stacks 08/29/2024   BF76.5.B67 BOR BSSM00000005 08/29/2024 2 08/29/2024 Books
    Dewey Decimal Classification     Non-fiction Graduate Library (Christ Temple) Graduate Library (Christ Temple) General stacks 03/19/2025   BF 76.5 B67 BOR GSCT00000681 03/19/2025 1 03/19/2025 Books
© 2023-2024 Copyright: Central University Libraries. All Rights Reserved | Created by: Mahone Tech Office